000 00441nam a2200181Ia 4500
001 24789
005 20260414151107.0
008 260414t2008||||xx |||||||||||||| ||spa||
041 _aESP
082 _a346
_bA36 T. 2
100 _aAlbaladejo, Manuel,
_eAUT
245 0 _aDerecho civil :
_berecho de obligaciones
260 _c2008
300 _a1006 páginas :
_c24 cm.
650 _aDER
654 _aCDE
942 _cLIB
_dJUS
_fJUS
_2ddc
_n
999 _c24789
_d24789